Catalog

Record Details

Catalog Search



Just like heaven : a novel  Cover Image Book Book

Just like heaven : a novel / Marc Levy.

Levy, Marc, 1961- (Author). Levy, Marc, 1961- If only it were true. (Added Author).

Summary:

A young architect in San Francisco awakens one day to find a woman in his closet--a woman with the ability to appear and disappear at will, who claims that her body lies in a coma in a hospital across town--and forms a bond with her that leads him to make an extraordinary effort to save her life.

Record details

  • ISBN: 9780743296328
  • ISBN: 074329632X
  • Physical Description: 229 pages ; 21 cm
  • Publisher: New York : Atria Books, 2005.

Content descriptions

General Note:
Film tie-in.
Originally published: as If only it were true.
Language Note:
Translated from the French.
Subject: Coma > Patients > Fiction.

Available copies

  • 1 of 1 copy available at scottsboropl.

Holds

  • 0 current holds with 1 total copy.
Show Only Available Copies
Location Call Number / Copy Notes Barcode Shelving Location Status Due Date
scottsboropl F Lev 32269001101503 Adult - Fiction Available -

LDR 01382nam a22003374a 4500
001150098
003CONS
00520190211082419.0
008050922r20052000nyu 000 1 eng
010 . ‡a 00703228
020 . ‡a9780743296328 ‡q(paperback)
020 . ‡a074329632X ‡q(paperback)
035 . ‡a(CPomAG)LMN610734
050 4. ‡aPQ2672.E9488 ‡bE85 2005
08204. ‡a843.914 ‡222
1001 . ‡aLevy, Marc, ‡d1961-
24510. ‡aJust like heaven : ‡ba novel / ‡cMarc Levy.
260 . ‡aNew York : ‡bAtria Books, ‡c2005.
300 . ‡a229 pages ; ‡c21 cm
336 . ‡atext ‡btxt ‡2rdacontent
337 . ‡aunmediated ‡bn ‡2rdamedia
338 . ‡avolume ‡bnc ‡2rdacarrier
500 . ‡aFilm tie-in.
500 . ‡aOriginally published: as If only it were true.
520 . ‡aA young architect in San Francisco awakens one day to find a woman in his closet--a woman with the ability to appear and disappear at will, who claims that her body lies in a coma in a hospital across town--and forms a bond with her that leads him to make an extraordinary effort to save her life.
546 . ‡aTranslated from the French.
650 0. ‡aComa ‡xPatients ‡vFiction.
7001 . ‡aLevy, Marc, ‡d1961- ‡tIf only it were true.
914 . ‡aSCP_LP
959 . ‡i32269001101503 ‡lF Lev ‡aAdult - Fiction ‡tPaperback ‡g10.00
852 . ‡p32269001101503 ‡jF Lev ‡gAdult - Fiction ‡cPaperback ‡y10.00 ‡bSBPL
901 . ‡a150098 ‡bUnknown ‡c150098 ‡tbiblio

Additional Resources